Quy chuẩn kỹ thuật quốc gia về môi trường năm 2010
Sách gồm các phần giới thiệu luật bảo vệ môi trường và văn bản hướng dẫn thi hành. Các quy định về quản lý, tiêu chuẩn,... quy chuẩn kỹ thuật quốc gia về môi trường nhằm tuyên truyền, phổ biến kịp thời các chế độ chính sách mới v...
Salvato in:
| Natura: | Libro |
|---|---|
| Lingua: | Undetermined |
| Pubblicazione: |
Hà Nội
Lao động
2009
|
| Soggetti: | |
| Tags: |
Aggiungi Tag
Nessun Tag, puoi essere il primo ad aggiungerne! !
|
| Thư viện lưu trữ: | Trung tâm Học liệu Trường Đại học Cần Thơ |
|---|
| LEADER | 01027nam a2200205Ia 4500 | ||
|---|---|---|---|
| 001 | CTU_192204 | ||
| 008 | 210402s9999 xx 000 0 und d | ||
| 020 | |c 294000 | ||
| 082 | |a 344.597046 | ||
| 082 | |b Qu600 | ||
| 245 | 0 | |a Quy chuẩn kỹ thuật quốc gia về môi trường năm 2010 | |
| 245 | 0 | |c Phan Sơn (sưu tầm) | |
| 260 | |a Hà Nội | ||
| 260 | |b Lao động | ||
| 260 | |c 2009 | ||
| 520 | |a Sách gồm các phần giới thiệu luật bảo vệ môi trường và văn bản hướng dẫn thi hành. Các quy định về quản lý, tiêu chuẩn,... quy chuẩn kỹ thuật quốc gia về môi trường nhằm tuyên truyền, phổ biến kịp thời các chế độ chính sách mới về các lĩnh vực nói trên. | ||
| 650 | |a Environmental law,Luật môi trường | ||
| 650 | |z Vietnam,Việt Nam | ||
| 904 | |i Trúc | ||
| 980 | |a Trung tâm Học liệu Trường Đại học Cần Thơ | ||